O oronýmii Liptova historicky odtlačok z: 8. slovenská onomastická konferencia B. Bystrica - Dedinky 2.-6. júna 1980 : zborník prednášok

Bibliographic Details
Main Author: Uhlár, Vlado, 1912-1996 (Author)
Format: Book
Language:Slovak
PhysicalDescription:4 s.
Published: Banská Bystrica [s.n.] 1983
Subjects:

MARC

LEADER 00000nam a2200000 a 4500
001 vtls010587027
003 SK-MaSNL
005 20260301051417.0
008 240318s1983 xo 000 0 slo
015 |a SNBA1983 
040 |a SNK  |b slo  |c SNK  |e AACR2 
041 0 |a slo 
044 |a xo  |c SK 
080 |a 631.35/.36(075.8)(076.5)  |2 1981 
100 1 |a Uhlár, Vlado,  |d 1912-1996  |4 aut  |9 106775 
245 1 0 |a O oronýmii Liptova historicky  |b odtlačok z: 8. slovenská onomastická konferencia B. Bystrica - Dedinky 2.-6. júna 1980 : zborník prednášok  |c Vlado Uhlár 
260 |a Banská Bystrica  |b [s.n.]  |c 1983 
300 |a 4 s. 
500 |a Článok zo zborníka s. 142-148 
650 0 7 |a oronymia  |2 SNKPH  |9 53539 
655 7 |a zborníky  |2 SNK  |9 70165 
958 |a OND 
999 |c 603267  |d 605197 
952 |a SNK  |b SNK  |y PREZ  |7 0  |p 17A0811547  |o snkSB 40174  |0 0  |1 0  |4 0  |d 2014-04-02  |f 1  |l 0  |r 2025-04-25 00:00:00  |w 2026-02-23